000 00681nam a22001817a 4500
999 _c190989
_d190989
005 20220817104350.0
010 _aB-745321
020 _a9789390389810
_c325.00
035 _aB-745321
037 _bPrabhat Exam
100 _a Rannjan, Manish
245 _aNCERT SUMMARY:
_b (Class VI-VIII) Useful For UPSC,UPPSC,BPSC,JPSC,MPPSC AND ALL OTHER COMPETITIVE EXAMS //
_cManish Rannjan
260 _aNew Delhi
_bPrabhat Exam
270 _a4/19 Asaf Ali Road New Delhi
_bNew Delhi
_e110002
_k7827007777
_mprabhatbooks@gmail.com
300 _a464p.
_c27cm(pbk)
942 _2ddc
_cEN
_mRAN
_h000